| 000 | 00653nam a2200205 i 4500 | ||
|---|---|---|---|
| 001 | 28357 | ||
| 003 | ES-MaACL | ||
| 005 | 20251213063014.0 | ||
| 007 | t| | ||
| 008 | 030117s1944 sp ||||1| spa d | ||
| 100 | 1 |
_aBañuelos, Misael, _d1887-1954 _925242 |
|
| 245 | 1 | 0 |
_aArteriosclerosis / _cM. Bañuelos García. |
| 250 | _a[1ª ed.]. | ||
| 260 |
_aBarcelona, etc. : _bSalvat, _c1944 ( _fImp. Hispano-Americana) |
||
| 300 |
_a141 p., 7 lám. ; _c23 cm. |
||
| 490 | 1 |
_aManuales de medicina práctica ; _v73 |
|
| 830 | 0 |
_aManuales de medicina práctica ; _v73 _9181070 |
|
| 852 |
_aES-MaACL _jC-5334 _bR.25760 |
||
| 999 |
_c28357 _d28357 |
||